Ironman: desde el principio hasta el final. Un programa de entrenamiento de triatlón de ocho horas semanales
Salvato in:
| Autore principale: | |
|---|---|
| Natura: | Libro |
| Lingua: | spagnolo |
| Pubblicazione: |
Barcelona
Paidotribo
2007
|
| Edizione: | 1a. ed |
| Soggetti: | |
| Tags: |
Aggiungi Tag
Nessun Tag, puoi essere il primo ad aggiungerne!!
|
MARC
| LEADER | 00000nam a2200000 a 4500 | ||
|---|---|---|---|
| 001 | UCG3291 | ||
| 003 | CL-VaPUC | ||
| 008 | 100819e20070000SP |||||||||||||||||spa|d | ||
| 020 | |a 9788480199339 | ||
| 082 | 0 | 4 | |a 796.4257 |b PET |2 21 |
| 100 | 0 | |a Petersen, Ole |e author |9 552297 | |
| 245 | 1 | 0 | |a Ironman: desde el principio hasta el final. Un programa de entrenamiento de triatlón de ocho horas semanales |
| 250 | |a 1a. ed | ||
| 300 | |a 240 p | ||
| 942 | |c BK | ||
| 945 | |d 20100819 00:00:00 |a mfarfan | ||
| 260 | |a Barcelona |b Paidotribo |c 2007 | ||
| 650 | 7 | |a TRIATLON |2 CL-VaPUC |9 331456 | |
| 650 | 7 | |a ENTRENAMIENTO FISICO |2 CL-VaPUC |9 307393 | |
| 650 | 0 | |a Natación |9 307454 | |
| 650 | 7 | |a CICLISMO |2 CL-VaPUC |9 308216 | |
| 650 | 0 | |a Atletismo |9 307422 | |
| 583 | |a last modification |c 20100819 00:00:00 |k Rodrigo Vera | ||
| 999 | |c 342362 |d 342360 | ||
| 952 | |0 0 |1 0 |4 0 |6 796_425700000000000_PET_2007 |7 0 |8 C |9 438522 |a BIBCUR |b BIBCUR |d 2019-11-22 |i 4705653 |o 796.4257 PET 2007 |p 4705653 |r 2025-04-22 |w 2019-11-22 |y BK |k DEN | ||